| 000 | 00465 a2200169 4500 | ||
|---|---|---|---|
| 003 | Nust | ||
| 005 | 20170207153432.0 | ||
| 040 | _cNust | ||
| 082 | _a005.1 | ||
| 100 | _aSohail ,NC Ammar BESE-08 | ||
| 245 |
_aHLA based simulator of a ground combatting scenario using fighting objects _cNC Ammar Sohail & PC Abdur Rehman BESE-08 |
||
| 260 |
_bMCS _c2006 |
||
| 300 | _a97 :p | ||
| 538 | _aAlmirah No 71 Shelf No 5 | ||
| 650 | _aUG Projects | ||
| 651 | _aUG CS Projects | ||
| 942 | _cTHS | ||
| 999 |
_c186158 _d186158 |
||